[Event "Titled Tuesday intern op 4th Febr"]
[Site "Chess.com INT"]
[Date "2020.02.04"]
[Round "5"]
[White "Nemtzev, Igor"]
[Black "Armago, Mattias"]
[Result "0-1"]
[WhiteElo "2137"]
[BlackElo "2214"]
[PlyCount "68"]
[EventDate "2020.02.04"]
[EventType "swiss (blitz)"]
[EventRounds "10"]
[EventCountry "USA"]
[SourceTitle "EXT 2021"]
[Source "ChessBase"]
[SourceDate "2020.10.23"]
[SourceVersion "1"]
[SourceVersionDate "2020.10.23"]
[SourceQuality "1"]

1. d4 Nf6 2. Bf4 g6 3. e3 Bg7 4. Nf3 d6 5. Be2 0-0 6. 0-0 Nc6 7. Nc3 Nd7 8. e4 Nxd4 9. Nxd4 e5 10. Be3 exd4 11. Bxd4 Ne5 12. f4 Nc6 13. Bxg7 Kxg7 14. f5 Qg5 15. Nd5 gxf5 16. Rf3 Kh8 17. Rg3 Qh6 18. Nxc7 f4 19. Rd3 Rb8 20. Rxd6 Qg7 21. Nd5 Bh3 22. Bf3 Rg8 23. Qd2 Bxg2 24. Bxg2 f3 25. Nf6 Rgd8 26. e5 Rxd6 27. exd6 Qxf6 28. Bh3 Rg8+ 29. Kh1 f2 30. Qc3 Nd4 31. Rf1 Rg1+ 32. Rxg1 fxg1Q+ 33. Kxg1 Ne2+ 34. Kg2 Nxc3 0-1

[Event "Titled Tuesday intern op 4th Febr"]
[Site "Chess.com INT"]
[Date "2020.02.04"]
[Round "4"]
[White "Nguyen, Thanh Thuy Tien"]
[Black "Armago, Mattias"]
[Result "1-0"]
[WhiteElo "1970"]
[BlackElo "2195"]
[PlyCount "147"]
[EventDate "2020.02.04"]
[EventType "swiss (blitz)"]
[EventRounds "10"]
[EventCountry "USA"]
[SourceTitle "EXT 2021"]
[Source "ChessBase"]
[SourceDate "2020.10.23"]
[SourceVersion "1"]
[SourceVersionDate "2020.10.23"]
[SourceQuality "1"]

1. e4 c5 2. Nf3 Nc6 3. d4 cxd4 4. Nxd4 Nf6 5. Nc3 e5 6. Ndb5 d6 7. Bg5 a6 8. Na3 b5 9. Nd5 Be7 10. Bxf6 Bxf6 11. c3 Bg5 12. g3 Ne7 13. Bg2 0-0 14. Nxe7+ Qxe7 15. 0-0 Bb7 16. Nc2 Qe6 17. f4 exf4 18. gxf4 Bd8 19. Nd4 Bb6 20. Kh1 Qf6 21. Nf5 d5 22. Ng3 dxe4 23. Nxe4 Qc6 24. Qf3 Rad8 25. Nf6+ Qxf6 26. Qxb7 Rd2 27. b3 h5 28. a4 Re8 29. Rae1 Rxe1 30. Rxe1 bxa4 31. bxa4 Bf2 32. Re8+ Kh7 33. Be4+ g6 34. Bd5 Qxf4 35. Qxf7+ Qxf7 36. Bxf7 Bc5 37. Re6 Bd6 38. Bxg6+ Kg7 39. Bxh5 Rxh2+ 40. Kg1 Rd2 41. Rg6+ Kf8 42. Kf1 Ke7 43. Ke1 Rh2 44. Be2 Be5 45. Rc6 a5 46. Rc5 Kd6 47. Rc4 Rh3 48. Kd2 Kd5 49. Rc8 Bf4+ 50. Kc2 Rh2 51. Kd3 Rh3+ 52. Kc2 Be5 53. Kb3 Re3 54. Bc4+ Kd6 55. Bb5 Re1 56. Rc6+ Kd5 57. c4+ Kd4 58. Ra6 Re3+ 59. Kc2 Re2+ 60. Kd1 Ra2 61. Rxa5 Bf4 62. Ra8 Be3 63. a5 Kd3 64. c5+ Kc3 65. c6 Rd2+ 66. Ke1 Bf4 67. Be2 Ra2 68. a6 Be3 69. c7 Ra1+ 70. Bd1 Bd2+ 71. Ke2 Ra2 72. c8Q+ Kd4 73. Qd7+ Ke5 74. Qxd2 1-0

[Event "Titled Tuesday intern op 4th June"]
[Site "Chess.com INT"]
[Date "2019.06.04"]
[Round "3"]
[White "Armago, Mattias"]
[Black "Makarenko, Alexandra"]
[Result "1/2-1/2"]
[WhiteElo "2074"]
[BlackElo "2169"]
[PlyCount "128"]
[EventDate "2019.06.04"]
[EventType "swiss (blitz)"]
[EventRounds "10"]
[EventCountry "USA"]
[SourceTitle "EXT 2021"]
[Source "ChessBase"]
[SourceDate "2020.10.23"]
[SourceVersion "1"]
[SourceVersionDate "2020.10.23"]
[SourceQuality "1"]

1. d4 Nf6 2. c4 g6 3. Nc3 Bg7 4. e4 d6 5. Nf3 0-0 6. h3 Na6 7. Be3 c5 8. d5 Rb8 9. Bd3 Bd7 10. 0-0 Nb4 11. Be2 Nh5 12. Qd2 e5 13. a3 Na6 14. Rfe1 Kh8 15. g4 Nf6 16. Nh2 Nc7 17. a4 a6 18. f3 b5 19. axb5 axb5 20. b3 bxc4 21. bxc4 h5 22. Bg5 Qc8 23. Kg2 hxg4 24. hxg4 Nh7 25. Bh6 f5 26. gxf5 gxf5 27. Bxg7+ Kxg7 28. Rg1 f4 29. Kf2+ Kf7 30. Ng4 Bxg4 31. Rxg4 Nf6 32. Rh4 Rh8 33. Rah1 Rxh4 34. Rxh4 Qg8 35. Qe1 Qg5 36. Kf1 Rg8 37. Qf2 Na6 38. Nb5 Ke7 39. Qh2 Nb4 40. Rh8 Nc2 41. Rxg8 Qxg8 42. Qh3 Ne3+ 43. Ke1 Qa8 44. Qe6+ Kf8 45. Qxf6+ Kg8 46. Nxd6 Qa1+ 47. Kf2 Qb2 48. Qf7+ Kh8 49. Qh5+ Kg7 50. Qg5+ Kh7 51. Qh5+ Kg7 52. Qg5+ Kh7 53. Nf5 Nd1+ 54. Ke1 Qc3+ 55. Kxd1 Qa1+ 56. Kd2 Qa5+ 57. Kc1 Qa1+ 58. Kc2 Qa2+ 59. Kd1 Qa4+ 60. Kd2 Qa5+ 61. Kd3 Qa3+ 62. Kc2 Qa2+ 63. Kc1 Qa1+ 64. Kd2 Qa5+ 1/2-1/2

[Event "Titled Tuesday intern op 4th June"]
[Site "Chess.com INT"]
[Date "2019.06.04"]
[Round "6"]
[White "Armago, Mattias"]
[Black "Steenbekkers, Larissa"]
[Result "1-0"]
[WhiteElo "2083"]
[BlackElo "1972"]
[PlyCount "101"]
[EventDate "2019.06.04"]
[EventType "swiss (blitz)"]
[EventRounds "10"]
[EventCountry "USA"]
[SourceTitle "EXT 2021"]
[Source "ChessBase"]
[SourceDate "2020.10.23"]
[SourceVersion "1"]
[SourceVersionDate "2020.10.23"]
[SourceQuality "1"]

1. d4 Nf6 2. c4 g6 3. Nc3 d5 4. cxd5 Nxd5 5. e4 Nxc3 6. bxc3 Bg7 7. Nf3 c5 8. Be3 0-0 9. Qd2 Qa5 10. Rc1 cxd4 11. cxd4 Qxd2+ 12. Bxd2 e6 13. Bb5 a6 14. Ba4 b5 15. Bb3 Bb7 16. e5 Nc6 17. Be3 Rac8 18. Ke2 Nb4 19. Rxc8 Rxc8 20. Rc1 Rxc1 21. Bxc1 Bd5 22. Bd2 Nxa2 23. Bxd5 exd5 24. Kd3 Bf8 25. e6 fxe6 26. Ng5 Bb4 27. Bf4 a5 28. Nxe6 a4 29. Nc7 Ba5 30. Nxb5 Nb4+ 31. Ke2 Nc6 32. Bd2 Bb6 33. Kd3 Kf7 34. Be3 Ke6 35. Kc3 Na5 36. Kb4 Nc6+ 37. Kxa4 Kf5 38. f3 g5 39. g4+ Ke6 40. Kb3 h6 41. Kc2 Na5 42. Kd3 Nc4 43. Nc3 Bc7 44. h3 Bg3 45. Ne2 Be1 46. f4 Nxe3 47. Kxe3 gxf4+ 48. Nxf4+ Kd6 49. Ng2 Ba5 50. Nh4 Bd8 51. Nf5+ 1-0

[Event "Titled Tuesday intern op 4th June"]
[Site "Chess.com INT"]
[Date "2019.06.04"]
[Round "7"]
[White "Osmanodja, Filiz"]
[Black "Armago, Mattias"]
[Result "1-0"]
[WhiteElo "2260"]
[BlackElo "2075"]
[PlyCount "77"]
[EventDate "2019.06.04"]
[EventType "swiss (blitz)"]
[EventRounds "10"]
[EventCountry "USA"]
[SourceTitle "EXT 2021"]
[Source "ChessBase"]
[SourceDate "2020.10.23"]
[SourceVersion "1"]
[SourceVersionDate "2020.10.23"]
[SourceQuality "1"]

1. e4 c5 2. Nc3 Nc6 3. Nf3 e5 4. Bc4 Be7 5. d3 d6 6. Nd5 Nf6 7. Nxe7 Qxe7 8. c3 a6 9. Nd2 Be6 10. Bb3 0-0 11. 0-0 d5 12. exd5 Nxd5 13. Ne4 Rad8 14. Qh5 Nf6 15. Nxf6+ Qxf6 16. Bg5 Qf5 17. Bxe6 fxe6 18. g4 Qf3 19. Bxd8 Rxd8 20. Rae1 Rf8 21. Re3 Qf4 22. Qh3 Rf6 23. Qg3 Qg5 24. h4 Qg6 25. h5 Qg5 26. Re4 Qd2 27. f4 Qxb2 28. fxe5 Rxf1+ 29. Kxf1 Qxc3 30. h6 gxh6 31. g5 h5 32. g6 h6 33. Qf3 Nd8 34. Rf4 Qxe5 35. Rf8+ Kg7 36. Rxd8 Qa1+ 37. Kg2 Qb2+ 38. Kh3 Qf6 39. Rg8+ 1-0

[Event "Titled Tuesday intern op 4th Dec"]
[Site "Chess.com INT"]
[Date "2018.12.04"]
[Round "9"]
[White "Armago, Mattias"]
[Black "Hoffmann, Asa"]
[Result "0-1"]
[WhiteElo "2051"]
[BlackElo "2185"]
[PlyCount "104"]
[EventDate "2018.12.04"]
[EventType "swiss (blitz)"]
[EventRounds "10"]
[EventCountry "USA"]
[SourceTitle "EXT 2021"]
[Source "ChessBase"]
[SourceDate "2020.10.23"]
[SourceVersion "1"]
[SourceVersionDate "2020.10.23"]
[SourceQuality "1"]

1. d4 Nf6 2. c4 c5 3. d5 e5 4. Nc3 d6 5. e4 Be7 6. Bd3 Nbd7 7. Nge2 Nf8 8. Bc2 Ng6 9. Ba4+ Bd7 10. 0-0 0-0 11. Bxd7 Qxd7 12. f3 Nh5 13. a3 a6 14. b4 b6 15. Rb1 Rab8 16. bxc5 bxc5 17. Bd2 Nhf4 18. g3 Nxe2+ 19. Nxe2 h6 20. Nc3 Bg5 21. f4 exf4 22. gxf4 Bf6 23. e5 dxe5 24. Ne4 Rxb1 25. Qxb1 Qg4+ 26. Kh1 exf4 27. Nxf6+ gxf6 28. Bxf4 Kh7 29. Bg3 Qxc4 30. d6 Qd4 31. Qf5 Kg7 32. Bf2 Qxd6 33. Bxc5 Qc6+ 34. Kg1 Re8 35. Bd4 Re6 36. a4 Qd6 37. Ba1 Qb6+ 38. Kh1 a5 39. Qb5 Qxb5 40. axb5 Ne5 41. Bd4 Rd6 42. Rf4 Rd5 43. b6 Rb5 44. Rf2 a4 45. Ra2 Rb4 46. Bc5 Rb5 47. Be3 Nc4 48. Bd4 a3 49. Kg1 Kg6 50. Kf2 Kf5 51. Ke2 Ke4 52. Bg1 Rb2+ 0-1

[Event "Titled Tuesday intern op 6th Nov"]
[Site "Chess.com INT"]
[Date "2018.11.06"]
[Round "1"]
[White "Armago, Mattias"]
[Black "Kantans, Toms"]
[Result "0-1"]
[WhiteElo "2053"]
[BlackElo "2509"]
[PlyCount "70"]
[EventDate "2018.11.06"]
[EventType "swiss (blitz)"]
[EventRounds "10"]
[EventCountry "USA"]
[SourceTitle "EXT 2021"]
[Source "ChessBase"]
[SourceDate "2020.10.23"]
[SourceVersion "1"]
[SourceVersionDate "2020.10.23"]
[SourceQuality "1"]

1. d4 Nf6 2. c4 e6 3. Nc3 Bb4 4. e3 b6 5. Nge2 Ne4 6. Qc2 Bb7 7. a3 Bxc3+ 8. Nxc3 Nxc3 9. Qxc3 d6 10. Bd3 Qg5 11. Rg1 Nd7 12. Bd2 0-0 13. 0-0-0 Qe7 14. f3 f5 15. e4 fxe4 16. fxe4 e5 17. d5 Rf7 18. Be3 Raf8 19. Qd2 Qh4 20. g3 Qh3 21. Be2 Bc8 22. g4 Nf6 23. Bd3 Nxg4 24. Bg5 Rf2 25. Qc3 Nxh2 26. Be7 R8f7 27. Bd8 Bg4 28. Rde1 Nf3 29. Rh1 Qg3 30. Ref1 Nd4 31. Rfg1 Qe3+ 32. Kb1 Be2 33. Bxe2 Qxc3 34. bxc3 Nxe2 35. Rg4 Nxc3+ 0-1

[Event "Titled Tuesday intern op 5th July"]
[Site "Chess.com INT"]
[Date "2016.07.05"]
[Round "1"]
[White "Armago, Mattias"]
[Black "Gajewski, Grzegorz"]
[Result "0-1"]
[WhiteElo "2247"]
[BlackElo "2605"]
[PlyCount "136"]
[EventDate "2016.07.05"]
[EventType "swiss (blitz)"]
[EventRounds "9"]
[EventCountry "USA"]
[SourceTitle "EXT 2021"]
[Source "ChessBase"]
[SourceDate "2020.10.23"]
[SourceVersion "1"]
[SourceVersionDate "2020.10.23"]
[SourceQuality "1"]

1. d4 Nf6 2. c4 e6 3. Nc3 Bb4 4. e3 0-0 5. Bd3 d5 6. Nf3 b6 7. 0-0 Ba6 8. cxd5 exd5 9. Bxa6 Nxa6 10. Qa4 Qc8 11. Ne5 Re8 12. Nc6 Bd6 13. Nb5 Bf8 14. Bd2 Ne4 15. Rfd1 Re6 16. Rac1 Rh6 17. Be1 Qb7 18. f3 Nd6 19. Nxd6 Bxd6 20. Bg3 Re8 21. Ne5 b5 22. Qc2 Rhe6 23. Qc6 Qxc6 24. Rxc6 Nb4 25. Rcc1 c5 26. a3 Na6 27. Nd3 c4 28. Bxd6 Rxd6 29. Nb4 Nxb4 30. axb4 Rxe3 31. Ra1 a6 32. Ra5 Rb3 33. Rda1 Rxb2 34. Rxb5 h5 35. Rba5 c3 36. Rc5 Re6 37. Rxc3 Ree2 38. h4 Rxg2+ 39. Kh1 Rh2+ 40. Kg1 Rbg2+ 41. Kf1 Rb2 42. Kg1 Rxh4 43. Rxa6 Rxb4 44. Ra8+ Kh7 45. Ra7 Rf4 46. Rd3 Kg6 47. Kg2 Rbxd4 48. Ra6+ f6 49. Rb3 Rb4 50. Rc3 Rfc4 51. Rd3 d4 52. Rd6 Rc3 53. R6xd4 Rxd4 54. Rxc3 Kg5 55. Kg3 h4+ 56. Kh3 f5 57. Rb3 g6 58. Ra3 Rd1 59. Ra4 Rd3 60. Kg2 Kh5 61. Rb4 g5 62. Rb5 f4 63. Rb4 h3+ 64. Kh2 Kh4 65. Rb8 Rd2+ 66. Kg1 Kg3 67. Rb1 Rg2+ 68. Kh1 h2 0-1

[Event "Titled Tuesday intern op 5th July"]
[Site "Chess.com INT"]
[Date "2016.07.05"]
[Round "2"]
[White "Armago, Mattias"]
[Black "Kantane, Anna"]
[Result "1-0"]
[WhiteElo "2257"]
[BlackElo "2333"]
[PlyCount "61"]
[EventDate "2016.07.05"]
[EventType "swiss (blitz)"]
[EventRounds "9"]
[EventCountry "USA"]
[SourceTitle "EXT 2021"]
[Source "ChessBase"]
[SourceDate "2020.10.23"]
[SourceVersion "1"]
[SourceVersionDate "2020.10.23"]
[SourceQuality "1"]

1. d4 Nf6 2. c4 g6 3. Nc3 d5 4. cxd5 Nxd5 5. e4 Nxc3 6. bxc3 Bg7 7. Nf3 c5 8. Be3 0-0 9. Qd2 Qa5 10. Rc1 Rd8 11. Bc4 e6 12. h4 h5 13. Bg5 Rd7 14. d5 b5 15. Bd3 c4 16. Bb1 Bb7 17. Bh6 Na6 18. Bxg7 Kxg7 19. Ne5 Rdd8 20. Qf4 f6 21. Nxg6 Kxg6 22. e5+ f5 23. Qg5+ Kh7 24. Qe7+ Kh8 25. Qf6+ Kh7 26. Rh3 Rg8 27. Qxe6 Raf8 28. Bxf5+ Rxf5 29. Qxf5+ Kh6 30. Qf6+ Rg6 31. Qh8# 1-0

[Event "Titled Tuesday intern op 3rd Nov"]
[Site "Chess.com INT"]
[Date "2015.11.03"]
[Round "3"]
[White "Edouard, Romain"]
[Black "Armago, Mattias"]
[Result "1-0"]
[WhiteElo "2635"]
[BlackElo "2229"]
[PlyCount "117"]
[EventDate "2015.11.03"]
[EventType "swiss (blitz)"]
[EventRounds "9"]
[EventCountry "USA"]
[SourceTitle "EXT 2021"]
[Source "ChessBase"]
[SourceDate "2020.10.23"]
[SourceVersion "1"]
[SourceVersionDate "2020.10.23"]
[SourceQuality "1"]

1. d4 Nf6 2. c4 g6 3. g3 Bg7 4. Bg2 0-0 5. f4 c5 6. d5 e6 7. Nc3 exd5 8. cxd5 d6 9. e4 b5 10. e5 Re8 11. Nge2 dxe5 12. fxe5 Rxe5 13. d6 b4 14. Bf4 Re8 15. Bxa8 bxc3 16. 0-0 cxb2 17. Rb1 Ba6 18. Rxb2 Ng4 19. Rd2 Nd7 20. Bc6 c4 21. Kh1 c3 22. Rc2 Qc8 23. Bd5 Ndf6 24. Bg2 Bb7 25. Rxc3 Qa8 26. Bxb7 Qxb7+ 27. Rcf3 Ne4 28. Qb3 Qc6 29. h3 Ngf6 30. Kh2 Nxd6 31. Nd4 Qd7 32. g4 Nde4 33. Nb5 Nd2 34. Bxd2 Qxd2+ 35. R1f2 Re2 36. Kg2 h5 37. gxh5 gxh5 38. Qc4 Nd5 39. Qc8+ Kh7 40. Qf5+ Kh8 41. Qxh5+ Kg8 42. Qxf7+ Kh8 43. Qh5+ Kg8 44. Kg1 Re1+ 45. Rf1 Bd4+ 46. Nxd4 Qxd4+ 47. R3f2 Rxf1+ 48. Kxf1 Ne3+ 49. Kg1 Qg7+ 50. Kh1 Qb7+ 51. Qf3 Qb1+ 52. Kh2 Qb6 53. Qg3+ Kh7 54. Rf7+ Kh6 55. Qg7+ Kh5 56. Qh7+ Kg5 57. h4+ Kg4 58. Qe4+ Kh5 59. Rh7+ 1-0

[Event "Titled Tuesday intern op 6th Oct"]
[Site "Chess.com INT"]
[Date "2015.10.06"]
[Round "4"]
[White "Armago, Mattias"]
[Black "Safarli, Eltaj"]
[Result "0-1"]
[WhiteElo "2052"]
[BlackElo "2657"]
[PlyCount "74"]
[EventDate "2015.10.06"]
[EventType "swiss (blitz)"]
[EventRounds "9"]
[EventCountry "USA"]
[SourceTitle "EXT 2021"]
[Source "ChessBase"]
[SourceDate "2020.10.23"]
[SourceVersion "1"]
[SourceVersionDate "2020.10.23"]
[SourceQuality "1"]

1. d4 Nf6 2. c4 g6 3. Nc3 d5 4. cxd5 Nxd5 5. e4 Nxc3 6. bxc3 Bg7 7. Nf3 c5 8. Rb1 0-0 9. Be2 Nd7 10. 0-0 Nf6 11. Qc2 Nxe4 12. Rd1 Bf5 13. Bd3 Nf6 14. Bxf5 gxf5 15. Qxf5 Qd5 16. Qxd5 Nxd5 17. Rxb7 Nxc3 18. Re1 cxd4 19. Bd2 Nd5 20. Re4 Rfb8 21. Rxb8+ Rxb8 22. Kf1 Rb1+ 23. Ke2 Nc3+ 24. Bxc3 dxc3 25. Kd3 Rb2 26. Re2 Rb7 27. Kc2 e6 28. a3 Kf8 29. Kd3 Ke7 30. Re4 Rb2 31. Re2 Rb3 32. a4 Ra3 33. Re4 Ra2 34. Rc4 Rxf2 35. Rc7+ Kd6 36. Rc4 Rxg2 37. Ne1 Rxh2 0-1

[Event "Titled Tuesday intern op 7th July"]
[Site "Chess.com INT"]
[Date "2015.07.07"]
[Round "3"]
[White "Griffith, Kyron"]
[Black "Armago, Mattias"]
[Result "1-0"]
[WhiteElo "2320"]
[BlackElo "2141"]
[PlyCount "57"]
[EventDate "2015.07.07"]
[EventType "swiss (blitz)"]
[EventRounds "9"]
[EventCountry "USA"]
[SourceTitle "EXT 2021"]
[Source "ChessBase"]
[SourceDate "2020.10.23"]
[SourceVersion "1"]
[SourceVersionDate "2020.10.23"]
[SourceQuality "1"]

1. e4 c5 2. Nf3 Nc6 3. d4 cxd4 4. Nxd4 Nf6 5. Nc3 e5 6. Ndb5 d6 7. Bg5 a6 8. Na3 b5 9. Nd5 Be7 10. Bxf6 Bxf6 11. c4 b4 12. Nc2 0-0 13. g3 Bg5 14. Bg2 a5 15. 0-0 Rb8 16. b3 Be6 17. Qd3 g6 18. Rad1 Kh8 19. f4 exf4 20. gxf4 Bh6 21. Nde3 Qb6 22. Kh1 Rbd8 23. f5 Ne5 24. Qd4 Qxd4 25. Rxd4 gxf5 26. exf5 Bc8 27. Rfd1 Rg8 28. Rxd6 Rde8 29. Rxh6 1-0